000 00213nam a22000857a 4500
008 161210b xxu||||| |||| 00| 0 eng d
100 _91984
_aGupta.P.K.
245 _aAmazing Biology Quiz
260 _aNew Delhi
_bPPC
_c2009
999 _c4795
_d4795